HandClap - Fitz And The Tantrums - All Lyrics - Statistics

General Stats
  • This quiz has been taken 16 times
  • The average score is 236 of 369
Answer Stats
Answer % Correct
can
91%
clap
91%
handclap?
91%
hands
91%
I
91%
make
91%
you
91%
your
91%
a
82%
A
82%
be
82%
the
82%
to
82%
Too
82%
You’re
82%
you're
82%
and
73%
And
73%
city,
73%
ever
73%
gimme
73%
in
73%
know
73%
many
73%
me
73%
night,
73%
no
73%
now
73%
on
73%
only
73%
right
73%
So
73%
this
73%
Am
64%
don't
64%
Don’t
64%
down
64%
Every
64%
I'm
64%
I’m
64%
like
64%
my
64%
My
64%
of
64%
Somebody
64%
soul
64%
sun
64%
We
64%
we
64%
When
64%
when
64%
All
55%
around?
55%
But
55%
'Cause
55%
‘Cause
55%
come
55%
could
55%
even
55%
good
55%
got
55%
Need
55%
need
55%
one
55%
out
55%
stars
55%
you've
55%
been
45%
control
45%
for
45%
Get
45%
get
45%
is
45%
life
45%
livin'
45%
losin'
45%
lovers
45%
sugar
45%
That
45%
comes
36%
gold
36%
hold
36%
knees
36%
Said
36%
save
36%
sex
36%
somethin'
36%
these
36%
'til
36%
troubles
36%
believe
27%
drug
27%
luxury,
27%
say
27%
screamin'
27%
sinnin'
27%
sound
27%
they're
27%
wake,
27%
want
27%
affection
18%
best
18%
close
18%
danger
18%
holdin'
18%
hot
18%
searchin'
18%
we'd
18%
wrong
18%
Brown
9%
conviction,
9%
crimes
9%
deny
9%
freeway
9%
James
9%
keeper
9%
prayer,
9%
stranger,
9%
sweeten
9%
wine
9%
worst
9%
Broadway
0%
Fear
0%
flesh
0%
grapes
0%
Secrets
0%
wrath
0%
No matching quizzes found
Score Distribution
Percent of People with Each Score
Percentile by Number Answered
Your Score History
You have not taken this quiz